Nazwy ulic w miejscowościach Gajewniki i Gajewniki-Kolonia - Statystyki

Ogólne statystyki
  • Ten quiz został rozwiązany 17 razy
  • Średni wynik to 7 z 12
Statystyki odpowiedzi
Ulica % Poprawnych
Wiśniowa
100%
Brzoskwiniowa
89%
Gruszkowa
78%
Czereśniowa
67%
Porzeczkowa
67%
Agrestowa
56%
Jabłoniowa
56%
Jagodowa
56%
Pigwowa
56%
Morelowa
44%
Śliwkowa
44%
Orzechowa
33%
Nie znaleziono quizów pasujących do podanych kryteriów
Rozkład punktacji
Procent ludzi z każdym wynikiem
Percentyl według liczby udzielonych odpowiedzi
Twoja historia wyników
Nie rozwiązałeś tego quizu